000 00600nam a2200217Ia 4500
005 20250508163858.0
008 008 250505s9999 xx 000 0 eng d
020 _a81-85107-79-3
037 _aTextual
040 _aFEDL
_beng
_cFEDL
041 _aeng
_2eng
084 _a305.4, CHA
_qFEDL
100 _aChakravarti Uma
245 0 _aRewriting history: The life and times of Pandita Ramabai
260 _aNew Delhi, India
_bKali for Women
_c2000
300 _axiii, 370p.
365 _aINR
_b250
650 _aWomen
942 _cTEXL
_h305.4, CHA
999 _c1385753
_d1385753